00594nam a2200193Ia 450000500170000000800410001704000190005804100120007708200150008924500910010425000130019526000340020830000170024250400220025965000260028165100600030770000230036785000100039020230211112403.0131103s9999 xx 000 0 und d aLoreto College aEnglish a820.8bSWE aSweet's Anglo-Saxon readersb in porse and verse crevised through out by C. T. Onions a14th ed. aOxfordbClarendon Pressc1962 aviii,312 p.  aIncludes glossary aEnglish Literature -  aProse and Verse - Collections - Micellaneous Writing -  aOnion, C. T., rev. aLCLIB